000 00471nam a2200157Ia 4500
008 240729s9999 xx 000 0 und d
022 _a2233-4521
245 0 _aJournal of Preventive Medicine and Public Health
260 _aKorea, Republic of
260 _bKorean Society for Preventive Medicine
650 _a Public aspects of medicine
650 _aMedicine
856 _uhttps://doaj.org/toc/9a0dc1fbe2d547f6b2d1871afc1c402d
942 _2ddc
942 _cDOAJEJ
999 _c66752
_d66752
945 _a1
_bMadushi Gamage
_c1
_dMadushi Gamage